Labour Law Cases / (Record no. 59000)
[ view plain ]
| 000 -LEADER | |
|---|---|
| fixed length control field | 00573nam a2200217 a 4500 |
| 001 - CONTROL NUMBER | |
| control field | 59000 |
| 003 - CONTROL NUMBER IDENTIFIER | |
| rucl marc code | BD-RjUL |
| 005 - DATE AND TIME OF LATEST TRANSACTION | |
| control field | 20211209080701.0 |
| 008 - FIXED-LENGTH DATA ELEMENTS--GENERAL INFORMATION | |
| fixed length control field | 161220s1963 pk ||||| |||| 00| 0 eng d |
| 035 ## - SYSTEM CONTROL NUMBER | |
| System control number | (BD-RjUL)59124 |
| 040 ## - CATALOGING SOURCE | |
| Original cataloging agency | BD-RjUL |
| Language of cataloging | eng |
| Transcribing agency | BD-RjUL |
| 041 ## - LANGUAGE CODE | |
| Language code of text/sound track or separate title | eng |
| 082 ## - DEWEY DECIMAL CLASSIFICATION NUMBER | |
| Edition number | 23 |
| Classification number | 344.01 |
| Author mark and year | LAB 1963 |
| 245 ## - TITLE STATEMENT | |
| Title | Labour Law Cases / |
| Remainder of title | L.L.C. / |
| Statement of responsibility, etc. | M. Shafi |
| 260 ## - PUBLICATION, DISTRIBUTION, ETC. (IMPRINT) | |
| Place of publication, distribution, etc. | Karachi : |
| Name of publisher, distributor, etc. | Bureau of Labour Publications, |
| Date of publication, distribution, etc. | 1963. |
| 300 ## - PHYSICAL DESCRIPTION | |
| Pagination | V. |
| Size | 24 cm. |
| 505 ## - FORMATTED CONTENTS NOTE | |
| Formatted contents note | V. 6--, V. 10-- |
| 650 ## - SUBJECT ADDED ENTRY--TOPICAL TERM | |
| Topical term or geographic name as entry element | Labour Law |
| 9 (RLIN) | 175454 |
| 700 ## - ADDED ENTRY--PERSONAL NAME | |
| Personal name | Shafi, M. |
| 942 ## - ADDED ENTRY ELEMENTS (KOHA) | |
| Source of classification or shelving scheme | Dewey Decimal Classification |
| Koha item type | Books |
| Lost status | Source of classification or shelving scheme | Damaged status | Not for loan | Collection code | Permanent Location | Current Location | Shelving location | Date acquired | Source of acquisition | Cost, normal purchase price | Total Checkouts | Full call number | Date last seen | Copy number | Koha item type |
|---|---|---|---|---|---|---|---|---|---|---|---|---|---|---|---|
| Dewey Decimal Classification | Not For Loan | Non-fiction | Central Library, University of Rajshahi | Central Library, University of Rajshahi | Reading Room | 27/09/1968 | Baruea of Lab. Pub. | 42.00 | 344.01 LAB V-6 1963 | 20/12/2016 | C-1 | Books | |||
| Dewey Decimal Classification | Not For Loan | Non-fiction | Central Library, University of Rajshahi | Central Library, University of Rajshahi | Reading Room | 27/09/1968 | Baruea of Lab. Pub. | 42.00 | 344.01 LAB V-10 1967 | 20/12/2016 | C-1 | Books |